书目信息 |
| 题名: |
汉语主题词表
|
|
| 作者: | ;中国科学技术情报研究所 , 北京图书馆 主编 | |
| 分册: | 第二卷 附表 | |
| 出版信息: | 北京 科学技术文献出版社 1979 |
|
| 页数: | 1347-2754页 | |
| 开本: | 26cm | |
| 丛书名: | ||
| 单 册: | ||
| 中图分类: | G254.23 | |
| 科图分类: | ||
| 主题词: | 图书馆学 , 图书馆事业 | |
| 电子资源: | ||
| ISBN: | ||
| 000 | 00868nam0 2200277 45 | |
| 001 | 0179001651 | |
| 005 | 20040426084357.1 | |
| 010 | @dCNY18.00 | |
| 091 | @a17176.189 | |
| 100 | @a19950814d1979 em y0chiy0121 ea | |
| 101 | 0 | @achi |
| 102 | @aCN@b110000 | |
| 105 | @ay z 000yy | |
| 106 | @ar | |
| 200 | 10 | @a汉语主题词表@Ahan yu zhu ti ci biao@h第二卷@i附表@f中国科学技术情报研究所,北京图书馆主编@h第二分册@i主表(字顺表) |
| 210 | @a北京@c科学技术文献出版社@d1979 | |
| 215 | @a1347-2754页@d26cm | |
| 300 | @a国内发行 | |
| 517 | @a主表(字顺表)@AZhu Biao(Zi Shun Biao) | |
| 606 | 0 | @a图书馆学 |
| 606 | 0 | @a图书馆事业 |
| 690 | @aG254.23@v3 | |
| 711 | 02 | @a中国科学技术情报研究所@Azhong guo ke xue ji shu qing bao yan jiu suo@4主编 |
| 711 | 02 | @a北京图书馆@Abei jing tu shu guan@4主编 |
| 801 | 0 | @aCN@bNLC@c20040426 |
| 905 | @dG254.23@e20:2(2)@f1@b112566 | |
| 汉语主题词表.第二卷.附表/中国科学技术情报研究所,北京图书馆主编.第二分册.主表(字顺表).-北京:科学技术文献出版社,1979 |
| 1347-2754页;26cm |
| 国内发行 |
| ISBN :CNY18.00 |
| ● |
| 相关链接 |
|
|
|
|
正题名:汉语主题词表
索取号:G254.23/20:2(2)
 
预约/预借
| 序号 | 登录号 | 条形码 | 馆藏地/架位号 | 状态 | 备注 |
| 1 | 0112566 | 000503976 | 第一样本阅览室/ [索取号:G254.23/20:2(2)] | 在馆 |